000 00373nam a2200169Ia 4500
100 _aMarchewka/Jack T
650 _aProject Management
250 _a4
942 _cBK
366 _f27
245 _aInformation technology Project Management
260 _bWiley India
_c2013
082 _a5.15
_bMAR
300 _a456
546 _aENGLISH
_celectronics
999 _c27958
_d27958